Coloratlas oclusión y maloclusión (Registro nro. 491)

Detalles MARC
000 -Cabecera
Campo de control de longitud fija 00634aam a2200253 4500
005 - Fecha y hora de la última transacción
Campo de control 20260429092544.0
008 - Elementos de longitud fija--Información general
Campo de control de longitud fija 150731b1992 xxu||||| |||| 00| 0 spa d
020 ## - International Standard Book Number
Número Internacional Estándar del Libro (ISBN) 0723417644
041 ## - Idioma
Código de idioma Español
082 ## - Clasificación Decimal Dewey
Número de clasificación 617.6 H853c
100 ## - Entrada principal--Autor personal
Nombre personal Howat, Alison
9 (RLIN) 18057
100 ## - Entrada principal--Autor personal
Nombre personal Capp, Nicholas
9 (RLIN) 18058
100 ## - Entrada principal--Autor personal
Nombre personal Barret, N. Vicent
9 (RLIN) 18059
245 ## - Título propiamente dicho
Título Coloratlas oclusión y maloclusión
260 ## - Pie de imprenta
Lugar de publicación, distribución, etc. España
260 ## - Pie de imprenta
Nombre del editor, distribuidor, etc. Mosby Year Book
260 ## - Pie de imprenta
Fecha de publicación, distribución, etc. 1992
300 ## - Descripción física
Extensión 240 páginas
300 ## - Descripción física
Otras características físicas Ilustraciones a color
490 ## - Serie
Título de la Serie Mecánica Dental
650 ## - Materia general
Temática (materia general) OCLUSIÓN
650 ## - Materia general
Temática (materia general) ODONTOLOGÍA
942 ## - Punto de acceso adicional KOHA
Tipo de ítem KOHA Libro
Fuente del sistema de clasificación o colocación Dewey Decimal Classification
Existencias
Signatura completa Código de barras Programa Académico Tipo de ítem
617.6 H853c 1148 Mecánica Dental Libro
617.6 H853c 1637 Mecánica Dental Libro